02571cam a2200361 i 45000010009000000050017000090080041000260100017000670200018000840200018001020410008001200420008001280820017001361000025001532450080001782600048002582640068003063000042003743360026004163370028004423380027004705000020004975201159005176500027016766500024017036500029017277000025017567760155017819060045019369420007019819990017019889520204020052334810820250405103414.0231012s2024 maua 001 0 eng  a 2023046078 a9781647826253 z9781647826260 aeng apcc00a658.4038 GOV1 aGovindarajan, Vijay,10aFusion Strategy :How Real Time Data and AI Will Power the Industrial Future aBostenbHarvard Business Review Pressc2024 1aBoston, Massachusetts :bHarvard Business Review Press,c[2024] avi, 214 pages :25 cmbillustrations ; atextbtxt2rdacontent aunmediatedbn2rdamedia avolumebnc2rdacarrier aIncludes index. a"Tech giants like Facebook, Amazon, and Google can collect real-time data from billions of users. For companies that design and manufacture physical products, that type of fluid, data-rich information used to be a pipe dream. Now, with the rise of cheap and powerful sensors, computing power, and artificial intelligence, things are changing-fast. In Fusion Strategy, world-renowned innovation guru Vijay Govindarajan and digital strategy expert Venkat Venkataraman offer a first-of-a-kind playbook that will help companies combine what they do best-create physical products-with what digitals do best-use algorithms and artificial intelligence to parse ginormous, interconnected datasets-to make strategic connections that would otherwise be impossible. The laws of competitive advantage are changing, rewarding those who have the most robust real-time insights rather than the most valuable assets. To compete in the new digital age, companies need to use real-time data to turbocharge their products, strategies, and customer relationships. Or else they'll fall on the wrong side of the next great digital divide. Fusion Strategy is the way forward"-- 0aInformation technology 0aBig data Management 0aArtificial intelligence.1 aVenkatraman, Venkat,08iOnline version:aGovindarajan, Vijay.tFusion strategydBoston, Massachusetts : Harvard Business Review Press, [2024]z9781647826260w(DLC) 2023046079 a7bcbccorignewd1eecipf20gy-gencatlg cBK c43579d43579 00102ddc4070aIMTNbIMTNcRack 29-Ad2025-03-28eRaghav Books Private Limitedg1199.00i2374l2m2o658.4038 GOVp33899r2026-01-16 19:04:52s2026-01-15t30w2025-02-14yBKzGargi Sajwan (2024413)